| 000 | 00411nam a2200157Ia 4500 | ||
|---|---|---|---|
| 008 | 230711s9999||||xx |||||||||||||| ||und|| | ||
| 041 | _aENG | ||
| 082 |
_a624 _bMO-I |
||
| 100 | _aModi,PN | ||
| 245 | 0 | _aIrrigation water resources and water power engineering | |
| 250 | _a1st Ed. | ||
| 260 |
_c1988 _aNew Delhi _bStandard Publishing Distributors |
||
| 300 | _a1259 | ||
| 650 | _aCivil Engineering | ||
| 942 | _cBK | ||
| 999 |
_c1728 _d1728 |
||